លំនាំនៃការវិភាគដី ជាធម្មតាក្នុងធរណីសាស្រ្ត (Record no. 9601)

000 -LEADER
fixed length control field 00332nam a22001097a 4500
040 ## - CATALOGING SOURCE
Transcribing agency SK
082 ## - DEWEY DECIMAL CLASSIFICATION NUMBER
Classification number 624
100 ## - MAIN ENTRY--AUTHOR NAME
Personal name អឺុម ឈួន
245 ## - TITLE STATEMENT
Title លំនាំនៃការវិភាគដី ជាធម្មតាក្នុងធរណីសាស្រ្ត
260 ## - PUBLICATION, DISTRIBUTION, ETC. (IMPRINT)
Place of publication RUA
Name of publisher អឹុម
Year of publication 1989
942 ## - ADDED ENTRY ELEMENTS (KOHA)
Koha item type សៀវភៅភាសាខ្មែរ
952 ## - LOCATION AND ITEM INFORMATION (KOHA)
Withdrawn status [LOCAL, KOHA] 0
Holdings
Permanent Location Date acquired Koha item type Lost status Shelving location Barcode Current Location Full call number
Library Block C2016-09-05សៀវភៅភាសាខ្មែរ C261RUA43867Library Block C624 អឹុម 1989 C261
មជ្ឈមណ្ឌលឯការនៃសាកលវិទ្យាល័យភូមិន្ទកសិកម្មចំការដូង

Powered by Koha